00514nam a22001577a 450000500170000001000150001702000270003203500130005903700130007224500780008526000290016327000940019230000240028650000190031070000270032920160613115206.0 aENG-115254 a9789384082109c1595.00 aEN-98786 bDBAD/PUB aTarikh-i Firoz ShahibTranleted from the Engish by Ishtiyaq Ahmad Zilli . aDelhibPRIMUS BOOKc2015 aAn imprint of Ratna Sagar,Virat Bhawan,Mukherjee Nagar Commercial Complex bDelhie110009 axii,396p.c24cm(Hb) aincludes index aZilli, Ishtiyaq Ahmad